00513nam a2200169Ia 45000030006000000080041000060400015000471000022000622450030000842600037001143000006001515460010001579420012001679990017001790050017001969520130002130STCL150530s9999 xx 000 0 und d aSTCLcSTCL aRamachandra Sukla aHindi Sahithya ka Ithihas bNagari Placharini Sabakashc1968 a0 aHindi 2ddccBK c65261d6526120220125171301.0 00102ddc4070aSTCALbSTCALcGENd2015-05-30g15.00l1o891.434-166p56936r2020-03-10 00:00:00s2020-03-03w2015-05-30yBK